| 000 | 01376nam0a22003251 4500 | ||
|---|---|---|---|
| 001 | rc\2271308 | ||
| 005 | 20250623033449.0 | ||
| 035 | _a(NLR Aleph) 006547625 | ||
| 090 |
_a6704893 _c6704893 |
||
| 100 | _a20110829d1977 |||y0rusy50 ca | ||
| 101 | 1 |
_arus _ceng |
|
| 102 | _aRU | ||
| 105 | _aa z |||a| | ||
| 200 | 1 |
_aМы - из Восточной Африки _eСтихи и поэмы _e[Сборник] _eПер. с англ. _f[Сост. и предисл. Е. Суровцева _gХудож. Е. Бейсембинова] |
|
| 210 |
_aАлма-Ата _cЖазушы _d1977 |
||
| 215 |
_a186 с. _cил. _d17 |
||
| 327 | 0 | _aАвт.: Окот п Битек, Джерид Ангира, Джонатан Кариара, Родерик Робертс | |
| 464 | 0 |
_1701#0$aОкот п Битек _1701#1$aАнгира$bД.$gДжерид _1701#1$aКариара$bД.$gДжонатан _1701#1$aРобертс$bР.$gРодерик |
|
| 686 |
_aШ5(2=Р)75-657я43 _2rubbk |
||
| 686 |
_aЩ897.52(2)Бейсембинова, Е. _2rubbk |
||
| 686 |
_aШ5(6)62-65я43 _2rubbk |
||
| 702 | 1 |
_aБейсембинова _bЕ. _4440 |
|
| 702 | 1 |
_aСуровцев _bЕ. _gЕвгений _4220 _4080 |
|
| 801 | 1 |
_aRU _bELAR _2rusmarc |
|
| 801 | 0 |
_aRU _bNLR _gpsbo |
|
| 852 |
_aNLR _j77-2/2975 |
||
| 899 |
_aRuMoRGB _jБ 77-43/305 |
||
| 899 |
_aRuMoRGB _jБ 77-43/306 |
||
| 942 | _cBOOK | ||
| 980 | _aNB | ||